000 00780mam a2200265 4500
001 22630
003 BD-RjUL
005 20211209000830.0
008 140309s19581963nyu 001 0 eng
035 _a(OCoLC)ocm02132968
035 _a(BD-RjUL)22695
035 _a(NNC)1965648
040 _aDLC
_cAZU
_beng
_dBD-RjUL
041 _aeng
082 0 0 _a808
_bMAI 1963
100 1 _aMartin, Harold C.,
_969853
245 1 0 _aInquiry & expression :
_ba college reader /
_c[by] Harold C. Martin & Richard M. Ohmann.
260 _aNew York :
_bRinehart,
_cc1963.
300 _aXV,812 p. ;
_c24 cm.
650 0 _aLiterature.
_969854
700 1 _aOhmann, Richard M.
_q(Richard Malin),
_d1931-,
_eeditor.
_969855
942 _2ddc
_cBK
999 _c22630
_d22630